[Event "Ctor por Equipos de Aragon-Division de Honor"]
[Site ""]
[Date "2023.04.01"]
[Round "10.14"]
[White "Garreta Crespo, Blas"]
[Black "Latorre Abad, Fernando"]
[Result "1/2-1/2"]
[WhiteElo "1758"]
[BlackElo "2085"]
[PlyCount "0"]
[WhiteTeam "Monzon"]
[BlackTeam "ONCE C. A. Aragon"]
[EventDate "2023.01.28"]

1. f4 c5 2. Nf3 Nf6 3. e3 Nc6 4. b3 g6 5. Bb2 Bg7 6. Bb5 O-O 7. Bxc6 bxc6 8.
Ne5 d6 9. Nf3 Rb8 10. d3 a5 11. Nbd2 a4 12. O-O h6 13. Qe1 Bf5 14. Nc4 Be6 15.
Ncd2 axb3 16. axb3 Ra8 17. Qh4 Qb6 18. Ne4 Nxe4 19. Bxg7 Kxg7 20. dxe4 f6 21.
Qg3 Bf7 1/2-1/2

[Event "Ctor por Equipos de Aragon-Division de Honor"]
[Site ""]
[Date "2023.04.01"]
[Round "10.15"]
[White "Cobo Garrido, Diego Israel"]
[Black "Buil Solana, Mario"]
[Result "1/2-1/2"]
[WhiteElo "2076"]
[BlackElo "1747"]
[PlyCount "0"]
[WhiteTeam "ONCE C. A. Aragon"]
[BlackTeam "Monzon"]
[EventDate "2023.01.28"]

1. e4 c6 2. d4 d5 3. e5 c5 4. dxc5 e6 5. a3 Bxc5 6. b4 Bb6 7. Nf3 Ne7 8. Bd3
Ng6 9. O-O O-O 10. h4 Nc6 11. Re1 Qc7 12. Qe2 Ncxe5 13. Nxe5 Qxe5 14. h5 Qxe2
1/2-1/2

[Event "Ctor por Equipos de Aragon-Division de Honor"]
[Site ""]
[Date "2023.04.01"]
[Round "10.16"]
[White "Garreta Nieto, Maria"]
[Black "Fuertes Garay, Javier"]
[Result "1/2-1/2"]
[WhiteElo "1711"]
[BlackElo "1994"]
[PlyCount "0"]
[WhiteTeam "Monzon"]
[BlackTeam "ONCE C. A. Aragon"]
[EventDate "2023.01.28"]

1. d4 Nf6 2. c4 e6 3. Nf3 b6 4. a3 Bb7 5. Nc3 Be7 6. e3 O-O 7. Be2 Ne4 8. Qc2
f5 9. O-O d6 10. Nd2 Nxc3 11. Qxc3 Nd7 12. f4 Qe8 13. Bf3 Bxf3 14. Nxf3 Qh5 15.
b4 c5 16. Bb2 Bf6 17. Rad1 Rac8 18. Qb3 Rfd8 19. dxc5 Bxb2 20. Qxb2 dxc5 21.
Rd6 1/2-1/2

[Event "Ctor por Equipos de Aragon-Division de Honor"]
[Site ""]
[Date "2023.04.01"]
[Round "10.17"]
[White "Salamero Pelay, Fernando"]
[Black "Ramon Perez, Jose Luis"]
[Result "0-1"]
[WhiteElo "2062"]
[BlackElo "2166"]
[PlyCount "0"]
[WhiteTeam "Atletismo Huesca"]
[BlackTeam "Fraga"]
[EventDate "2023.01.28"]

1. e4 c5 2. Nf3 d6 3. d4 cxd4 4. Nxd4 Nf6 5. Nc3 a6 6. Bg5 Nbd7 7. f4 Qc7 8.
Qf3 h6 9. Bh4 g5 10. fxg5 hxg5 11. Bxg5 Qc5 12. Be3 Ne5 13. Qe2 Neg4 14. Bg1
Bh6 15. h3 Bf4 16. Qf3 Qg5 17. g3 Bd2+ 18. Kd1 Ne5 19. Qg2 Bxc3 20. bxc3 Bd7
21. Rb1 b5 22. Bd3 Bxh3 23. Qe2 Bg4 24. Rxh8+ Ng8 25. Nf5 Bxe2+ 26. Bxe2 Ng4
27. a4 d5 28. axb5 dxe4 29. Rh5 Rd8+ 30. Bd4 Qg6 31. Kc1 N4f6 32. Rh8 Qg5+ 33.
Kb2 Qxf5 34. Bxf6 Kf8 35. Bd4 axb5 36. Rbh1 f6 37. R1h5 Qg6 38. Bxb5 Rb8 39. c4
Kf7 40. Rh3 Qg5 41. R8h5 Qd2 42. Bc3 Qd6 43. Rd5 Qc7 44. Rh7+ Kg6 45. Rdh5 Qxc4
0-1

[Event "Ctor por Equipos de Aragon-Division de Honor"]
[Site ""]
[Date "2023.04.01"]
[Round "10.18"]
[White "Aribau Rivas, Miguel Angel"]
[Black "Gella Bitrian, Diego"]
[Result "1/2-1/2"]
[WhiteElo "2036"]
[BlackElo "2023"]
[PlyCount "0"]
[WhiteTeam "Fraga"]
[BlackTeam "Atletismo Huesca"]
[EventDate "2023.01.28"]

1. c4 Nf6 2. Nc3 g6 3. e4 d6 4. d4 Bg7 5. h3 O-O 6. Bg5 Nbd7 7. Nf3 h6 8. Be3
e5 9. d5 a5 10. Bd3 Ne8 11. Qd2 Kh7 12. Bc2 Nc5 13. g4 Bd7 14. Qe2 Qe7 15. Nd2
c6 16. h4 Nc7 17. h5 g5 18. Nf1 Kg8 19. Rd1 Qf6 20. Ng3 Rfd8 21. O-O Rab8 22.
a4 N7a6 23. Nf5 Bf8 24. Rd2 Nb4 25. Qd1 cxd5 26. Nxd5 Nxd5 27. exd5 Rbc8 28. b3
b6 29. Re1 Re8 30. Rde2 Bg7 31. Bb1 Bh8 32. Qd2 Bg7 33. Qd1 1/2-1/2

[Event "Ctor por Equipos de Aragon-Division de Honor"]
[Site ""]
[Date "2023.04.01"]
[Round "10.19"]
[White "Bellosta Lopez, Pablo"]
[Black "Casas Chine, German"]
[Result "1/2-1/2"]
[WhiteElo "2017"]
[BlackElo "1792"]
[PlyCount "0"]
[WhiteTeam "Atletismo Huesca"]
[BlackTeam "Fraga"]
[EventDate "2023.01.28"]


1. e4 c5 2. Nf3 d6 3. Bb5+ Bd7 4. Bxd7+ Qxd7 5. d4 cxd4 6. Nxd4 Nf6 7. Qd3 g6
8. O-O Bg7 9. h3 O-O 10. c4 Nc6 11. Nc3 Rac8 12. f4 Nb4 13. Qe2 Nh5 14. Rd1 Ng3
15. Qf2 Rxc4 16. Be3 Nh5 17. Nf3 Qc6 18. a3 Na6 19. Nd2 Rxc3 20. bxc3 Qxc3 21.
Rdc1 Qd3 22. Rab1 Qxa3 23. Nc4 Qd3 1/2-1/2

[Event "Ctor por Equipos de Aragon-Division de Honor"]
[Site ""]
[Date "2023.04.01"]
[Round "10.20"]
[White "Agustin De Dios, Adrian"]
[Black "Molina Cubero-Luna, German"]
[Result "1-0"]
[WhiteElo "1698"]
[BlackElo "1927"]
[PlyCount "0"]
[WhiteTeam "Fraga"]
[BlackTeam "Atletismo Huesca"]
[EventDate "2023.01.28"]

1. e4 e6 2. d4 d5 3. Nd2 Nf6 4. e5 Nfd7 5. Bd3 c5 6. c3 Nc6 7. Ne2 cxd4 8. cxd4
f6 9. exf6 Nxf6 10. Nf3 Bd6 11. Bf4 O-O 12. Bxd6 Qxd6 13. O-O Bd7 14. Rc1 Rae8
15. Ng3 Qf4 16. Ne2 Qb8 17. Bb1 e5 18. dxe5 Nxe5 19. Ned4 Bg4 20. Qb3 Nc4 21.
Rxc4 dxc4 22. Qxc4+ Kh8 23. Ng5 Bh5 24. Nde6 Bf7 25. Nxf7+ Rxf7 26. Ng5 Rc7 27.
Nf7+ Kg8 28. Nh6+ Kf8 29. Qb4+ Ree7 30. Nf5 Nd5 31. Qd6 Nf6 32. Nxe7 1-0

[Event "Ctor por Equipos de Aragon-Division de Honor"]
[Site ""]
[Date "2023.04.01"]
[Round "10.21"]
[White "Ayensa Garcia, Miguel Angel"]
[Black "Aranaz Murillo, Amalia"]
[Result "1-0"]
[WhiteElo "1950"]
[BlackElo "2265"]
[PlyCount "0"]
[WhiteTeam "L'Aurora Estadilla"]
[BlackTeam "Palacio De Pioneros B"]
[EventDate "2023.01.28"]

1. c4 Nf6 2. Nc3 c5 3. g3 Nc6 4. Bg2 e6 5. Nf3 b6 6. d4 cxd4 7. Nxd4 Bb7 8.
Nxc6 Bxc6 9. Bxc6 dxc6 10. Qa4 Qc8 11. O-O Be7 12. Rd1 h5 13. Bg5 h4 14. Bxf6
gxf6 15. Ne4 Qc7 16. c5 bxc5 17. Rac1 hxg3 18. hxg3 Rh5 19. b4 Kf8 20. Nxc5
Bxc5 21. Rxc5 Rxc5 22. bxc5 Qb7 23. Qf4 Kg7 24. Kg2 Qb8 25. Qh4 Qh8 26. Qg4+
Kf8 27. Qe4 Rc8 28. Qd4 Kg8 29. Rh1 Qg7 30. Qd7 Qf8 31. Rd1 Kg7 32. Rd4 f5 33.
Rd6 Kg6 34. Rxc6 Rd8 35. Qxa7 Qh6 36. Qe7 Rd1 37. Qh4 Qc1 38. Rc8 1-0

[Event "Ctor por Equipos de Aragon-Division de Honor"]
[Site ""]
[Date "2023.04.01"]
[Round "10.22"]
[White "Zambrana Petisme, Ramiro"]
[Black "Pellicer Cemeli, Jose Luis"]
[Result "1/2-1/2"]
[WhiteElo "2143"]
[BlackElo "1955"]
[PlyCount "0"]
[WhiteTeam "Palacio De Pioneros B"]
[BlackTeam "L'Aurora Estadilla"]
[EventDate "2023.01.28"]

1. e4 c5 2. Nf3 g6 3. d4 cxd4 4. Qxd4 Nf6 5. Nc3 Nc6 6. Qa4 Bg7 7. e5 Ng8 8.
Bf4 g5 9. Bg3 h5 10. h3 Nh6 11. O-O-O Nf5 12. Bc4 Nxg3 13. fxg3 Nxe5 14. Rhf1
Nxf3 15. Rxf3 O-O 16. Ne4 Qb6 17. Bb3 g4 18. Rf5 Qh6+ 19. Kb1 e6 20. Ra5 d5 21.
Nd6 Qe3 22. Nxc8 Rfxc8 23. Qf4 Qxf4 24. gxf4 gxh3 25. gxh3 Bh6 26. f5 Kg7 27.
Ra4 Kf6 28. fxe6 fxe6 29. Rf1+ Ke7 30. a3 Bg5 31. Re1 Kd6 32. c4 dxc4 33. Bxc4
e5 34. Be2 h4 35. Rd1+ Ke7 36. Bf3 Rc7 37. Rd3 b5 38. Rg4 Rg8 39. Rd5 Kf6 40.
Rxb5 Rd8 41. Ra5 Rd6 42. Rga4 Rc1+ 43. Ka2 Rb6 44. Ra6 Rc2 45. Rxb6+ axb6 46.
Rb4 Be3 47. Rxh4 Bd4 48. a4 Rxb2+ 49. Ka3 Rf2 1/2-1/2

[Event "Ctor por Equipos de Aragon-Division de Honor"]
[Site ""]
[Date "2023.04.01"]
[Round "10.23"]
[White "Fuentes Espuna, Juan Antonio"]
[Black "Sacristan Latorre, Alberto"]
[Result "0-1"]
[WhiteElo "1914"]
[BlackElo "2100"]
[PlyCount "0"]
[WhiteTeam "L'Aurora Estadilla"]
[BlackTeam "Palacio De Pioneros B"]
[EventDate "2023.01.28"]

1. e4 c5 2. Bc4 Nc6 3. Nc3 g6 4. d3 Bg7 5. Be3 Nd4 6. f4 e6 7. Nf3 Ne7 8. O-O
d5 9. Bb5+ Nxb5 10. Nxb5 a6 11. Bxc5 axb5 12. e5 Nf5 13. Qe1 Qc7 14. Qf2 h5 15.
c3 Bd7 16. a3 Rc8 17. Bb4 Bf8 18. h3 Bxb4 19. axb4 h4 20. Ra3 Kf8 21. Rfa1 Kg7
22. Nd4 Nxd4 23. Qxd4 Bc6 24. Kh2 Qe7 25. Qf2 d4 26. Qxd4 Rcd8 27. Qe3 Qd7 28.
Rd1 Qd5 29. Qe2 Rh5 30. Raa1 Rdh8 31. Rf1 Rf5 32. Rad1 Rf8 33. c4 Qd4 34. Qf2
Qxf2 35. Rxf2 Rd8 36. b3 Rd4 37. g3 hxg3+ 38. Kxg3 g5 39. fxg5 Rxg5+ 40. Kh2
Rxe5 41. Rg1+ Kf8 42. Rd2 bxc4 43. bxc4 b5 44. Rg4 Rd7 45. c5 Red5 46. Rh4 Rxd3
47. Rxd3 Rxd3 48. Rh8+ Ke7 49. Rc8 Bd7 50. Rb8 Rb3 51. Rb7 Ke8 52. Rb8+ Ke7 53.
Rb7 Kd8 54. h4 Rxb4 55. Kg3 e5 56. h5 f6 57. Rb6 Rg4+ 58. Kf3 Rh4 59. Rxf6 Rxh5
60. Ke4 Kc7 61. Ra6 Bc6+ 62. Ke3 Rh3+ 63. Ke2 Rc3 0-1

[Event "Ctor por Equipos de Aragon-Division de Honor"]
[Site ""]
[Date "2023.04.01"]
[Round "10.24"]
[White "Colom Sienes, Eduardo"]
[Black "Palacian Campodarve, Javier"]
[Result "1-0"]
[WhiteElo "2086"]
[BlackElo "1656"]
[PlyCount "0"]
[WhiteTeam "Palacio De Pioneros B"]
[BlackTeam "L'Aurora Estadilla"]
[EventDate "2023.01.28"]

1. e4 c5 2. Nf3 d6 3. c3 Nf6 4. h3 Nc6 5. Bd3 g6 6. Bc2 Bg7 7. O-O O-O 8. d3 b5
9. Re1 Re8 10. d4 cxd4 11. cxd4 e6 12. Nc3 a6 13. Be3 Bb7 14. a4 b4 15. Ne2 a5
16. Qd2 Ba6 17. Ng3 Qd7 18. Bh6 Rac8 19. Bb3 e5 20. Nf5 Nxe4 21. Rxe4 Qxf5 22.
Rh4 Bf6 23. Bg5 Nxd4 24. Nxd4 exd4 25. Bxf6 Qxf6 26. Rf4 Re2 27. Qxe2 Qxf4 28.
Qxa6 1-0

[Event "Campeonato de Aragón de Ajedrez por Equipos 2023 - Eliminatorias Ascensos"]
[Site "ZARAGOZA (Agrupacion Artística Aragonesa, C/ La Gasca)"]
[Date "2023.04.01"]
[Round "10.25"]
[White "Mombiela De Sus, Jose Luis"]
[Black "Carruez Berges, Fernando"]
[Result "0-1"]
[WhiteElo "1944"]
[BlackElo "1969"]
[PlyCount "0"]
[WhiteTeam "Las Fuentes B"]
[BlackTeam "Agrupacion B"]
[EventDate "2023.04.01"]


1. Nf3 Nf6 2. g3 c5 3. Bg2 g6 4. b3 Bg7 5. Bb2 O-O 6. c4 Nc6 7. O-O d6
8. d4 cxd4 9. Nxd4 Bd7 10. Nc3 Nxd4 11. Qxd4 Bc6 12. e4 Nxe4 13. Qe3 Nxc3 14.
Bxc3 Bxc3 15. Qxc3 Bxg2 16. Kxg2 Rc8 17. h4 Qd7 18. Rad1 b5 19. h5 bxc4 20.
hxg6 fxg6 21. Rd4 cxb3 22. Qxb3+ e6 23. Re1 Qc6+ 24. Rde4 Rce8 25. Qe3 Rf7 26.
Kg1 Rfe7 27. Qb3 d5 28. Re5 Qd6 29. Qe3 d4 30. Qd3 Rc7 31. R5e4 e5 32. Rxd4
Qxd4 33. Qxd4 exd4 34. Rxe8+ Kf7 35. Rd8 Rc1+ 36. Kg2 Rc4 37. Rd7+ Ke6 38. Rxa7
d3 39. Ra8 Rd4 40. Re8+ Kd5 41. Re1 d2 42. Rd1 Kc4 43. Kf3 Kd3 0-1

[Event "Campeonato de Aragón de Ajedrez por Equipos 2023 - Eliminatorias Ascensos"]
[Site "ZARAGOZA (Agrupacion Artística Aragonesa, C/ La Gasca)"]
[Date "2023.04.01"]
[Round "10.26"]
[White "Carruez Gracia, Eduardo"]
[Black "Brosa Soto, Jesus"]
[Result "1-0"]
[WhiteElo "1941"]
[BlackElo "1938"]
[PlyCount "0"]
[WhiteTeam "Agrupacion B"]
[BlackTeam "Las Fuentes B"]
[EventDate "2023.04.01"]

1. e4 d6 2. d4 Nf6 3. Nc3 g6 4. Be3 Bg7 5. Qd2 Nc6 6. Be2 Ng4 7. Bxg4
Bxg4 8. f3 Bd7 9. h4 e5 10. d5 Ne7 11. h5 f5 12. Bh6 Bxh6 13. Qxh6 Kf7 14. Nh3
Qf8 15. hxg6+ Nxg6 16. Qd2 h6 17. f4 Qe7 18. O-O-O Kg7 19. Kb1 Raf8 20. Rde1
Rf6 21. Rhg1 Qf7 22. exf5 Nxf4 23. Nxf4 exf4 24. g4 fxg3 25. Ne4 Rxf5 26. Nxg3
Rg5 27. Qd4+ Kh7 28. Rgf1 Bf5 29. Nxf5 Rxf5 30. Rxf5 Qxf5 31. Re7+ Kg6 32. Rg7+
Kh5 33. Qd1+ Kh4 34. Qh1+ 1-0

[Event "Campeonato de Aragón de Ajedrez por Equipos 2023 - Eliminatorias Ascensos"]
[Site "ZARAGOZA (Agrupacion Artística Aragonesa, C/ La Gasca)"]
[Date "2023.04.01"]
[Round "10.27"]
[White "Artal Alegria, Francisco Javier"]
[Black "Pedrol Aguila, Mario"]
[Result "0-1"]
[WhiteElo "1745"]
[BlackElo "1681"]
[PlyCount "0"]
[WhiteTeam "Las Fuentes B"]
[BlackTeam "Agrupacion B"]
[EventDate "2023.04.01"]

1. c4 c5 2. g3 Nc6 3. Bg2 d6 4. Nc3 g6 5. Nf3 Bg7 6. O-O Nf6 7. a3 O-O
8. b4 cxb4 9. axb4 Nxb4 10. Ba3 Nc6 11. d4 Bg4 12. e3 Qc8 13. Re1 Na5 14. c5 d5
15. Qa4 Nc6 16. Nd2 Rd8 17. Rab1 e5 18. Nb5 Ne8 19. Rec1 a6 20. Nd6 Nxd6 21.
cxd6 e4 22. Rb6 Be2 23. Qb3 Qe6 24. Nxe4 Nxd4 25. exd4 dxe4 26. d5 Qf5 27. Rxb7
Bd4 28. Qa2 Qxf2+ 29. Kh1 Be3 30. Rcb1 Rac8 31. Rc7 Rb8 32. Ra1 Bd4 33. Rac1
Rb2 34. Qa1 Bf3 0-1

[Event "Campeonato de Aragón de Ajedrez por Equipos 2023 - Eliminatorias Ascensos"]
[Site "ZARAGOZA (Agrupacion Artística Aragonesa, C/ La Gasca)"]
[Date "2023.04.01"]
[Round "10.29"]
[White "Veras Sanz, Marino"]
[Black "Portero Garnica, Miguel Angel"]
[Result "1/2-1/2"]
[WhiteElo "2054"]
[BlackElo "2072"]
[PlyCount "0"]
[WhiteTeam "El Olivar B"]
[BlackTeam "Marcos Frechin B"]
[EventDate "2023.04.01"]

1. Nf3 d6 2. d4 g6 3. g3 Bg7 4. Bg2 Nf6 5. O-O O-O 6. c4 Nbd7 7. Nc3 e5 8. h3
h6 9. e4 exd4 10. Nxd4 Re8 11. Be3 Nc5 12. Qc2 a5 13. Rad1 1/2-1/2